000 00332nam a22001337a 4500
008 170630b xxu||||| |||| 00| 0 eng d
020 _a9780451527820
041 _aeng
080 _a82
100 _a22
101 _aGJL
245 _aBLACK VOICS AN ANTHOLOGY OF AFRICAN AMERICAN LITERATURE
_cBALDWIN.J
942 _2udc
_cBK
999 _c19734
_d19734